[Event "CZE-ch (Women)"]
[Site "Usti nad Labem"]
[Date "1996.??.??"]
[Round "9"]
[White "Molnarova, D."]
[Black "Stankova, Zuzana"]
[Result "1/2-1/2"]
[WhiteElo "1740"]
[BlackElo "2130"]

1.e4 c5 2.c3 Nf6 3.e5 Nd5 4.d4 e6 5.Nf3 Nc6 6.Bc4 Nb6 7.Bd3 cxd4 8.cxd4 Nb4
9.Nc3 Nxd3+ 10.Qxd3 d6 11.Qd2 dxe5 12.dxe5 Qxd2+ 13.Nxd2 Bd7 14.O-O O-O-O
15.Nde4 Bc6 16.Bf4 Bxe4 17.Nxe4 Rd4 18.Rac1+ Kd7 19.Rfd1 Rd5 20.Rxd5+ Nxd5
21.Bd2  1/2-1/2

[Event "Vantaa We op3"]
[Site "Vantaa"]
[Date "1996.??.??"]
[Round "2"]
[White "Remmel, Anto"]
[Black "Kiik, Kalle"]
[Result "1-0"]
[WhiteElo "2260"]
[BlackElo "2385"]

1.e4 c5 2.c3 Nf6 3.e5 Nd5 4.Nf3 Nc6 5.Bc4 Nb6 6.Bb3 g6 7.d4 cxd4 8.cxd4 Bg7
9.Nc3 d5 10.h3 O-O 11.O-O Bf5 12.Nh4 Be6 13.f4 f6 14.Be3 Na5 15.Qe2 Nxb3
16.axb3 Qd7 17.Kh2 fxe5 18.fxe5 a6 19.g4 Rad8 20.Qd2 Rxf1 21.Rxf1 Bxe5+ 22.dxe5 d4
23.Bh6 dxc3 24.Qf2 Qc8 25.Qxb6 cxb2 26.Qf2 Bxb3 27.Qxb2 Qc2+ 28.Qxc2 Bxc2
29.Nf3 Bd3 30.Rf2 Rc8 31.e6 Bb1 32.Nd4 a5 33.Rf7 a4 34.Rg7+ Kh8 35.Rxe7 a3
36.Bg7+ Kg8 37.Bf6 Ba2 38.Rg7+ Kf8 39.Rxh7  1-0

[Event "Vantaa We op3"]
[Site "Vantaa"]
[Date "1996.??.??"]
[Round "4"]
[White "Remmel, Anto"]
[Black "Keskisarja, Teemu"]
[Result "0-1"]
[WhiteElo "2260"]
[BlackElo "2255"]

1.e4 c5 2.c3 Nf6 3.e5 Nd5 4.d4 cxd4 5.Nf3 Nc6 6.Bc4 Nb6 7.Bb3 g6 8.cxd4 Bg7
9.Nc3 O-O 10.O-O d6 11.e6 fxe6 12.Be3 Na5 13.Re1 Nxb3 14.Qxb3 Bd7 15.Rac1 Rc8
16.Nd2 Qe8 17.d5 Bxc3 18.bxc3 Nxd5 19.Bh6 Rf5 20.c4 Nf4 21.Bxf4 Rxf4 22.Qxb7 a5
23.Qa7 Ra8 24.Qe3 Rf5 25.Qd4 Qf7 26.Rb1 Rf8 27.f3 Rc5 28.Rb7 Bc6 29.Rb6 a4
30.Qe3 e5 31.g3 Bxf3 32.Rf1 e4 33.Rfb1 Rf5 34.Rb8 Qe6 35.Rxf8+ Rxf8 36.Re1 Qh3
37.Qf2 Qf5 38.Nf1 Qc5 39.Qxc5 dxc5  0-1

[Event "Velden op"]
[Site "Velden"]
[Date "1996.??.??"]
[Round "6"]
[White "Fleischmann, Albert"]
[Black "Weiss, Christian"]
[Result "0-1"]
[WhiteElo "2030"]
[BlackElo "2335"]

1.e4 c5 2.c3 Nf6 3.e5 Nd5 4.Nf3 e6 5.Na3 Nc6 6.Nc4 Qc7 7.a4 Nb6 8.Nxb6 Qxb6
9.Bb5 a6 10.Bxc6 Qxc6 11.O-O b6 12.d4 Bb7 13.Bf4 Be7 14.Qd2 g5 15.Bg3 h5
16.h4 gxh4 17.Bxh4 Rg8 18.d5 Qxd5 19.Qxd5 Bxd5 20.Bxe7 Bxf3 21.Bf6 Rxg2+
22.Kh1 d5  0-1

[Event "Vienna op"]
[Site "Vienna"]
[Date "1996.??.??"]
[Round "2"]
[White "Godena, Michele"]
[Black "Wittmann, Walter"]
[Result "1/2-1/2"]
[WhiteElo "2550"]
[BlackElo "2370"]

1.e4 c5 2.c3 Nf6 3.e5 Nd5 4.Nf3 e6 5.d4 cxd4 6.cxd4 d6 7.Bc4 Nc6 8.O-O Be7
9.Qe2 Nb6 10.Bb3 d5 11.Nc3 Bd7 12.Bf4 a6 13.Rad1 Rc8 14.Ne1 Na5 15.Bc2 Nbc4
16.Bc1 Qb6 17.Na4 Qa7 18.Qg4 g6 19.Nc3 Qb6 20.Na4 Qa7 21.Nc3 Qb6 22.Na4 Qa7
23.Nc3  1/2-1/2

[Event "LTU-ch"]
[Site "Vilnius"]
[Date "1996.??.??"]
[Round "3"]
[White "Slapikas, Vytautas"]
[Black "Piesina, Gintautas"]
[Result "1/2-1/2"]
[WhiteElo "2345"]
[BlackElo "2400"]

1.e4 c5 2.c3 Nf6 3.e5 Nd5 4.d4 cxd4 5.Nf3 Nc6 6.Bc4 e6 7.cxd4 d6 8.O-O Be7
9.Qe2 O-O 10.Qe4 Kh8 11.exd6 Bxd6 12.Nc3 Nf6 13.Qe2 Be7 14.Be3 Na5 15.Bd3 b6
16.Ne5 Bb7 17.Rfd1 Rc8 18.Bb1 Bb4 19.Rc1 Bxc3 20.bxc3 Qd5 21.f3 Nc4 22.Nxc4 Qxc4
23.Bd3 Qc7 24.c4 e5 25.d5 Nd7 26.Qf2 f5 27.Qh4 Nc5 28.Bf1 Qd6 29.Rd1 Rce8
30.Bf2 Bc8 31.Bg3 Bd7 32.Rd2 Qf6 33.Re1 g5 34.Qh5 e4 35.fxe4 Nxe4  1/2-1/2

[Event "LTU-ch"]
[Site "Vilnius"]
[Date "1996.??.??"]
[Round "9"]
[White "Slapikas, Vytautas"]
[Black "Sakalauskas, Vaidas"]
[Result "1/2-1/2"]
[WhiteElo "2345"]
[BlackElo "2320"]

1.e4 c5 2.c3 Nf6 3.e5 Nd5 4.d4 cxd4 5.Nf3 Nc6 6.Bc4 Nb6 7.Bb3 g6 8.cxd4 Bg7
9.Bf4 d6 10.exd6 exd6 11.Bg5 f6 12.Be3 d5 13.O-O O-O 14.Nc3 Kh8 15.Re1 Bg4
16.h3 Bxf3 17.Qxf3 f5 18.Qf4 Qd7 19.f3 Nd8 20.Bf2 Ne6 21.Qd2 g5 22.Rad1 g4
23.fxg4 fxg4 24.Qe2 g3 25.Bxg3 Nxd4 26.Qe7 Qxe7 27.Rxe7 Nf5 28.Rxg7 Nxg7
29.Nxd5 Nxd5 30.Rxd5 Rad8 31.Rc5 Rc8 32.Bf2 b6 33.Rxc8 Rxc8 34.Bd4 h6 35.Bc3 Rc6
36.g4 Kh7 37.Bc2+ Kg8 38.Ba4 Rg6 39.Bc2 Rc6 40.Ba4 Rc7 41.Bc2 Kh8 42.Kf2 Re7
43.Kf3 Kg8 44.Bb3+ Ne6 45.h4 Kf8 46.Bd5 Rf7+ 47.Kg3 Ke7 48.Bb4+ Kd7 49.Bd2 Rf6
50.Bc3 Rf1 51.Bd2 Rf6 52.Bc3 Rg6 53.Be4 Rg8 54.Bh7 Rf8 55.Bf5 Rg8 56.Bh7 Rf8
57.Bf5 Rg8 58.Bh7 Rf8 59.Bf5  1/2-1/2

[Event "AUT-chT9697"]
[Site "Vorarlberg"]
[Date "1996.??.??"]
[Round "?"]
[White "Kanonier, Klemens"]
[Black "Amann, Guenter"]
[Result "1/2-1/2"]
[WhiteElo "2005"]
[BlackElo "1985"]

1.e4 c5 2.c3 Nf6 3.e5 Nd5 4.d4 cxd4 5.cxd4 e6 6.Bc4 Nb6 7.Bb3 Nc6 8.Nf3 d5
9.exd6 Bxd6 10.O-O O-O 11.Nc3 Nd5 12.Re1 Be7 13.Ne5 Nxc3 14.bxc3 Nxe5 15.Rxe5 Bd6
16.Rh5 Qc7 17.Qf3 f5 18.Bd2 g6 19.Rh6 Bd7 20.Qe3 Rae8 21.Re1 Rf7 22.Qd3  1/2-1/2

[Event "JUG-chT"]
[Site "Vrnjacka Banja"]
[Date "1996.??.??"]
[Round "?"]
[White "Skoko, Milan"]
[Black "Tasic, Vladimir"]
[Result "1-0"]
[WhiteElo "2215"]
[BlackElo "2150"]

1.e4 c5 2.c3 Nf6 3.e5 Nd5 4.d4 cxd4 5.Nf3 d6 6.cxd4 Nc6 7.Nc3 dxe5 8.dxe5 Ndb4
9.a3 Qxd1+ 10.Kxd1 Na6 11.b4 Nc7 12.Nb5 Nxb5 13.Bxb5 Bd7 14.Be2 O-O-O 15.Kc2 Bf5+
16.Kc3 Be4 17.Bf4 f6 18.Rad1 g5 19.Rxd8+ Kxd8 20.Rd1+ Kc8 21.Be3 Bxf3 22.Bxf3 Nxe5
23.Bd5 Kb8 24.Be6 Bg7 25.Kb3 Nc6 26.b5 Rd8 27.Rc1 Ne5 28.a4 b6 29.Bf5 Ng6
30.a5 bxa5 31.Ka4 Nh4 32.g4 Nxf5 33.gxf5 h5 34.Kxa5 Kb7 35.Rc6 Rd6 36.Ra6 Rxa6+
37.bxa6+ Kc7 38.Bxa7 g4 39.Bb6+ Kb8 40.Be3 e5 41.fxe6 Bf8 42.Kb6 f5 43.Kc6 h4
44.Kd7 Ka8 45.Bg5  1-0

[Event "JUG-chT"]
[Site "Vrnjacka Banja"]
[Date "1996.??.??"]
[Round "?"]
[White "Skoko, Milan"]
[Black "Zakic, Srdjan"]
[Result "1/2-1/2"]
[WhiteElo "2215"]
[BlackElo "2365"]

1.e4 c5 2.c3 Nf6 3.e5 Nd5 4.Nf3 e6 5.d4 cxd4 6.cxd4 d6 7.a3 Nc6 8.Bd3 Be7
9.O-O Qb6 10.b4 a6 11.Bb2 O-O 12.Nc3 Nxc3 13.Bxc3 dxe5 14.dxe5 Rd8 15.Qe2 Bd7
16.Rfd1 Be8 17.h4 Rd5 18.Be4 Rxd1+ 19.Rxd1 Rd8 20.Rxd8 Qxd8 21.g3 Qc7  1/2-1/2

[Event "JUG-ch (Women) 1"]
[Site "Vrnjacka Banja"]
[Date "1996.??.??"]
[Round "?"]
[White "Ruchieva, Natalia"]
[Black "Gaponenko, Inna"]
[Result "1-0"]
[WhiteElo "2255"]
[BlackElo "2390"]

1.e4 c5 2.c3 Nf6 3.e5 Nd5 4.d4 cxd4 5.cxd4 d6 6.Nf3 Nc6 7.Nc3 e6 8.Nxd5 exd5
9.Bd3 Bg4 10.O-O Be7 11.Re1 O-O 12.h3 Bh5 13.a3 Kh8 14.g4 Bg6 15.Qb3 Na5
16.Qd1 Qb6 17.Bf4 Nb3 18.exd6 Bf6 19.g5 Bxg5 20.Bxg5 Nxa1 21.Be7 Nb3 22.Bxg6 fxg6
23.Bxf8 Rxf8 24.d7 Qb5 25.Re8 Rxe8 26.dxe8=Q+ Qxe8 27.Qxb3 Qf7 28.Ne5 Qf4
29.Qxd5 Qc1+ 30.Kg2 Qg5+ 31.Kf3 Qf5+ 32.Ke3 Qxh3+ 33.f3 h6 34.Nxg6+ Kh7 35.Ne7  1-0

[Event "JUG-chT"]
[Site "Vrnjacka Banja"]
[Date "1996.??.??"]
[Round "?"]
[White "Guzijan, Miodrag"]
[Black "Simic, Dragisa"]
[Result "0-1"]
[WhiteElo "2370"]
[BlackElo "2175"]

1.e4 c5 2.c3 Nf6 3.e5 Nd5 4.Nf3 Nc6 5.d4 cxd4 6.cxd4 d6 7.Bc4 Nb6 8.Bb5 Bd7
9.exd6 e6 10.O-O Bxd6 11.Nc3 O-O 12.Bd3 Be7 13.a3 Nd5 14.Qe2 Bf6 15.Qe4 g6
16.Bh6 Re8 17.Nxd5 exd5 18.Qf4 Rc8 19.Rad1 Bh8 20.h3 Qf6 21.Qxf6 Bxf6 22.Be3 Na5
23.Ne5 Be6 24.f4 Nc4 25.Bc1 Bg7 26.Rfe1 f6 27.Nxc4 dxc4 28.Be4 b6 29.Bb7 Rc7
30.Rxe6 Rxe6 31.Bd5 Kf7 32.Re1 Rc6 33.Rxe6 Rxe6 34.f5 gxf5 35.Bxc4 Ke7 36.Bxe6 Kxe6
37.Kf2 Kd5 38.Be3 Ke4 39.Ke2 f4 40.Bc1 Kxd4 41.Bxf4 Kc4 42.a4 f5 43.Bb8 a6
44.Ba7 b5 45.axb5 axb5 46.g4 fxg4 47.hxg4 Bxb2 48.Kd2 b4 49.Kc2 Bf6 50.Be3 b3+
51.Kb1 Kd3 52.Bc1 Ke4 53.Bd2 Kf3 54.g5 Be5 55.Bc1 Bf4 56.Ba3 Bxg5 57.Kb2 h5  0-1

[Event "JUG-ch (Women) 3"]
[Site "Vrnjacka Banja"]
[Date "1996.??.??"]
[Round "?"]
[White "Maric, Mirjana"]
[Black "Arsenijevic, Dragica"]
[Result "1/2-1/2"]
[WhiteElo "2280"]
[BlackElo "2080"]

1.e4 c5 2.c3 Nf6 3.e5 Nd5 4.d4 cxd4 5.Nf3 e6 6.cxd4 d6 7.Bc4 Nc6 8.O-O Be7
9.Nbd2 O-O 10.Qe2 dxe5 11.dxe5 Nb6 12.Bd3 Nb4 13.Bb1 Bd7 14.a3 N4d5 15.Qd3 g6
16.Ne4 Qc7 17.Bh6 Rfc8 18.h4 Bc6 19.Re1 Nd7 20.Ned2 Nc5 21.Qe2 a5 22.h5 Qb6
23.Nc4 Qa6 24.Nd4 Be8 25.Ba2 a4 26.Rad1 Nb6 27.Nxb6 Qxb6 28.Bc4 Rd8 29.Be3 Qa5
30.Bd2 Qb6 31.Bb4 Bf8 32.Nb5 Bc6  1/2-1/2

[Event "JUG-chT"]
[Site "Vrnjacka Banja"]
[Date "1996.??.??"]
[Round "?"]
[White "Markovic, Ivan"]
[Black "Gojkovic, Petar"]
[Result "1-0"]
[WhiteElo "2415"]
[BlackElo "2340"]

1.e4 c5 2.c3 Nf6 3.e5 Nd5 4.Nf3 Nc6 5.Bc4 Nb6 6.Bb3 d5 7.exd6 Qxd6 8.d4 cxd4
9.O-O Be6 10.Na3 a6 11.Ng5 Bxb3 12.Qxb3 Nd8 13.Rd1 e6 14.Be3 Nd5 15.Bxd4 Qf4
16.Nf3 Bxa3 17.Qxa3 Nc6 18.c4 Nf6 19.Bc5 Qxc4 20.Rac1 Qb5 21.Nd4 Nxd4 22.Bxd4 Nd5
23.Qg3 Rg8 24.Qh4 h6 25.Qe4 Rd8 26.g3 Qd7 27.Bb6 f5 28.Qe2 Rb8 29.Rc5 Kf7
30.Rdxd5 exd5 31.Rc7 Qxc7 32.Bxc7 Rbe8 33.Qd3 g6 34.Qxd5+ Re6 35.Qxb7 Rge8
36.Bf4+ R8e7 37.Qd5 Kg7 38.h4 g5 39.hxg5  1-0

[Event "JUG-chT"]
[Site "Vrnjacka Banja"]
[Date "1996.??.??"]
[Round "?"]
[White "Narandzic, Vlado"]
[Black "Simonovic, Aleksandar"]
[Result "1/2-1/2"]
[WhiteElo "2380"]
[BlackElo "2355"]

1.e4 c5 2.c3 Nf6 3.e5 Nd5 4.d4 cxd4 5.cxd4 d6 6.Nf3 Nc6 7.exd6 Qxd6 8.Nc3 Bg4
9.Be2 e6 10.O-O Be7 11.h3 Bh5 12.Ne4 Qd8 13.Be3 O-O 14.a3 Qb6 15.b4 Rfd8
16.Qd2 Bxf3 17.Bxf3 e5 18.dxe5 Nxe3 19.Qxe3 Qxe3 20.fxe3 Nxe5 21.Be2 g6 22.g4 h6
23.Rfd1 Rac8 24.Rd4 Bg5 25.Kf2 Bh4+ 26.Kf1 Nc6 27.Rxd8+ Rxd8 28.b5 Na5 29.Rc1 f5
30.gxf5 gxf5 31.Nc3 Rc8 32.Na2 Rxc1+ 33.Nxc1 Be7 34.a4 Bc5 35.Kf2 f4 36.Nd3 fxe3+
37.Kf3 Bb6 38.Ne5 Kg7 39.Nc4 Nxc4 40.Bxc4 Bc5 41.a5  1/2-1/2

[Event "Wattens op"]
[Site "Wattens"]
[Date "1996.??.??"]
[Round "1"]
[White "Mitschnigg, Monika"]
[Black "Veselovsky, Sergey"]
[Result "0-1"]
[WhiteElo "1755"]
[BlackElo "2440"]

1.e4 c5 2.c3 Nf6 3.e5 Nd5 4.d4 cxd4 5.cxd4 d6 6.Nf3 Nc6 7.exd6 Qxd6 8.Nc3 g6
9.Bc4 Nxc3 10.bxc3 Bg7 11.O-O O-O 12.Qa4 Bd7 13.Qa3 Qxa3 14.Bxa3 Rfc8 15.Bb3 Na5
16.Rac1 Nxb3 17.axb3 Bh6 18.Bxe7 Bxc1 19.Rxc1 Re8 20.Bg5 Kg7 21.c4 a5 22.Be3 f6
23.d5 Kf7 24.h3 g5 25.Nd4 Ra6 26.c5 Re5 27.c6 bxc6 28.dxc6 Bc8 29.Kf1 h5
30.Ke2 Ke7 31.Nf3 Rd5 32.Rc5 Rxc5 33.Bxc5+ Ke6 34.Kd3 Kd5 35.Be7 Rxc6 36.Bd8 Bf5+
37.Kd2 Ra6 38.Ke3 Re6+ 39.Kd2 Ra6 40.Ne1 Ke6 41.Bc7 Kd7 42.Bg3 h4 43.Bh2 Rb6
44.Kc3 Be6  0-1

[Event "Werfen op-A"]
[Site "Werfen"]
[Date "1996.??.??"]
[Round "5"]
[White "Krachler, Guenther"]
[Black "Euler, Gerd"]
[Result "0-1"]
[WhiteElo "2165"]
[BlackElo "2365"]

1.e4 c5 2.c3 Nf6 3.e5 Nd5 4.d4 cxd4 5.Nf3 e6 6.cxd4 b6 7.Nc3 Nxc3 8.bxc3 Qc7
9.Bd2 Bb7 10.Bd3 d6 11.O-O Nd7 12.Ng5 dxe5 13.Qh5 g6 14.Qh3 Bg7 15.Rfe1 e4
16.Nxe4 O-O 17.Ng5 Nf6 18.Re5 Rac8 19.Rae1 Bd5 20.R1e3 h6 21.Nxe6 Bxe6 22.Rxe6 fxe6
23.Rg3 g5 24.Qxe6+ Qf7 25.Qf5 Rce8 26.h4 Ne4 27.Qxf7+ Rxf7 28.Re3 Rfe7 29.Bb5 Rc8
30.Be1 Rcc7 31.Kf1 gxh4 32.Rh3 Bf6 33.Rf3 Bg5 34.d5 Nd6 35.Bd3 Rf7 36.Rh3 Rc5
37.f4 Rxf4+  0-1

[Event "Werfen op-A"]
[Site "Werfen"]
[Date "1996.??.??"]
[Round "5"]
[White "Wuppinger, Manfred"]
[Black "Eberhard, Kurt"]
[Result "1/2-1/2"]
[WhiteElo "2210"]
[BlackElo "2010"]

1.e4 c5 2.c3 Nf6 3.e5 Nd5 4.d4 cxd4 5.Qxd4 e6 6.Nf3 Nc6 7.Qe4 d6 8.Bb5 Bd7
9.exd6 Bxd6 10.O-O Nf6 11.Qh4 Ne5 12.Bxd7+ Qxd7 13.Nxe5 Bxe5 14.Nd2 O-O 15.Nf3 Bd6
16.Bg5 Be7 17.Rad1 Qc7 18.Rd4 Rfd8 19.Rf4 Rd5 20.Bxf6 Bxf6 21.Qg4 Kh8 22.h4 Rad8
23.h5 h6 24.g3 Rd1 25.Rxd1 Rxd1+ 26.Kg2 Qc6 27.Rc4 Qd5 28.Rc8+ Kh7 29.Rc7 Qd3
30.Nh2 Qb1 31.Rxf7 Rg1+ 32.Kh3 Rh1 33.Qf3 Qf1+ 34.Qg2 Qd1 35.f3 Bd8 36.Rxb7 Bb6
37.b3 Rg1 38.Qb2 Qd3 39.Rf7 Kg8 40.Rf4 Bc7 41.Qf2 Bb6 42.Qb2 Bc7 43.Qf2 Bb6
44.Qb2  1/2-1/2

[Event "Werfen op-B"]
[Site "Werfen"]
[Date "1996.??.??"]
[Round "6"]
[White "Kaiser, Wolfgang"]
[Black "Himmelbauer, Wolfgang"]
[Result "0-1"]
[WhiteElo "1740"]
[BlackElo "1825"]

1.e4 c5 2.c3 Nf6 3.Qc2 Nc6 4.Nf3 d6 5.h3 g6 6.Bc4 Bg7 7.a3 O-O 8.d3 d5 9.exd5 Nxd5
10.Be3 Nxe3 11.fxe3 Ne5 12.Nxe5 Bxe5 13.O-O e6 14.d4 cxd4 15.exd4 Bg7 16.Qe2 Bd7
17.Nd2 Bc6 18.Rf2 Bd5 19.Bd3 Qc7 20.Re1 a6 21.Nf1 b5 22.h4 f5 23.Ne3 Bc6
24.h5 Bf6 25.hxg6 hxg6 26.Nxf5 exf5 27.Qe6+ Kg7 28.Rxf5 gxf5 29.Qxf5 Bxd4+  0-1

[Event "Sonnevanck"]
[Site "Wijk aan Zee"]
[Date "1996.??.??"]
[Round "2"]
[White "Jonkman, Harmen"]
[Black "Willemze, Jeroen"]
[Result "1/2-1/2"]
[WhiteElo "2325"]
[BlackElo "2160"]

1.e4 c5 2.c3 Nf6 3.e5 Nd5 4.Nf3 e6 5.d4 cxd4 6.cxd4 b6 7.Nc3 Nxc3 8.bxc3 Qc7
9.Bd2 Bb7 10.Bd3 d6 11.O-O Nd7 12.Re1 dxe5 13.Nxe5 Nxe5 14.Rxe5 Bd6 15.Rh5 g6
16.Rh3 O-O 17.Qg4 f5 18.Qh4 Rf7 19.Bc2 Bd5 20.Bb3 Qc6 21.Re1 Be7 22.Bg5 Bxg5
23.Qxg5 Bxb3 24.axb3 Qd5 25.Rhe3 Qxb3 26.h4 Re8 27.h5 Rg7 28.h6 Rf7 29.Qf4 Qc4
30.Qf3 Rd7 31.Re5 Kf8 32.Qe3 Rc7 33.Qg5 Qxc3 34.Qf6+ Kg8 35.Rxe6 Qxe1+ 36.Rxe1 Rxe1+
37.Kh2 Ree7 38.d5 Rcd7 39.d6 Re8 40.Qd4 Re6 41.Qd5 Kf7 42.f4 Rxd6 43.Qa8 Re7
44.Qc8 a5 45.Qc4+ Rde6 46.Qc3 Rd6 47.Qc4+ Kf6 48.Qc8 Red7 49.Qh8+ Ke6 50.Qe5+ Kf7
51.Qg7+ Ke6  1/2-1/2

[Event "Sonnevanck"]
[Site "Wijk aan Zee"]
[Date "1996.??.??"]
[Round "3"]
[White "Bricard, Emmanuel"]
[Black "Janssen, Ruud"]
[Result "1-0"]
[WhiteElo "2475"]
[BlackElo "2270"]

1.e4 c5 2.c3 Nf6 3.e5 Nd5 4.Nf3 e6 5.d4 cxd4 6.cxd4 b6 7.Bd3 Bb4+ 8.Bd2 Bxd2+
9.Qxd2 Ba6 10.Be4 Nc6 11.Bxd5 exd5 12.Nc3 Nb4 13.a3 Nd3+ 14.Kd1 d6 15.Ne1 Nxe1
16.Rxe1 O-O 17.Kc2 Re8 18.f4 Qd7 19.b3 Bb5 20.Kb2 Bc6 21.Nd1 a5 22.Ne3 a4
23.b4 Bb5 24.g4 f6 25.exf6 gxf6 26.Rac1 Rac8 27.Nxd5 Kf7 28.Rxe8 Qxe8 29.Re1 Qc6
30.Ne7 Qc4 31.Nxc8  1-0

[Event "Sonnevanck"]
[Site "Wijk aan Zee"]
[Date "1996.??.??"]
[Round "7"]
[White "Armas, Jorge"]
[Black "Janssen, Ruud"]
[Result "1-0"]
[WhiteElo "2395"]
[BlackElo "2270"]

1.e4 c5 2.c3 Nf6 3.e5 Nd5 4.Nf3 e6 5.d4 cxd4 6.cxd4 b6 7.Bd3 Bb4+ 8.Bd2 Bxd2+
9.Nfxd2 Ba6 10.Ne4 O-O 11.Nbc3 Nxc3 12.bxc3 Bxd3 13.Qxd3 Nc6 14.O-O f6 15.exf6 gxf6
16.f4 d5 17.Nd2 Qd6 18.Rae1 Rae8 19.Rf2 Rf7 20.Rfe2 Kh8 21.Qg3 Nd8 22.Nf3 Rg8
23.Qh4 Qa3 24.Rc2 Qa4 25.Qf2 Rfg7 26.Nh4 Rg4 27.Rce2 f5 28.Kh1 Qa3 29.Re3 Nf7
30.h3 R4g7 31.Rxe6 Nd6 32.Rxd6 Qxd6 33.Nxf5 Qg6 34.Nxg7 Rxg7 35.f5  1-0

[Event "Sonnevanck"]
[Site "Wijk aan Zee"]
[Date "1996.??.??"]
[Round "9"]
[White "Armas, Jorge"]
[Black "Willemze, Jeroen"]
[Result "1/2-1/2"]
[WhiteElo "2395"]
[BlackElo "2160"]

1.e4 c5 2.c3 Nf6 3.e5 Nd5 4.Nf3 e6 5.d4 cxd4 6.cxd4 b6 7.Bd3 Bb4+ 8.Bd2 Ba6
9.Bxb4 Bxd3 10.Qxd3 Nxb4 11.Qe4 d5 12.exd6 N8c6 13.Nc3 Qxd6 14.Nb5 Qd8 15.Ne5 Nxe5
16.dxe5 Nd5 17.Nd6+ Kf8 18.O-O-O g6 19.g4 Qg5+ 20.Kb1 Kg7 21.h4  1/2-1/2

[Event "Witley"]
[Site "Witley"]
[Date "1996.??.??"]
[Round "6"]
[White "Turner, Matthew"]
[Black "Quinn, Mark"]
[Result "1-0"]
[WhiteElo "2425"]
[BlackElo "2350"]

1.e4 c5 2.c3 Nf6 3.e5 Nd5 4.g3 d6 5.exd6 e6 6.Bg2 Bxd6 7.Nf3 O-O 8.O-O Nc6
9.d4 cxd4 10.Nxd4 Nxd4 11.Qxd4 Qe7 12.Nd2 Bc5 13.Qd3 Bd7 14.Ne4 Rfd8 15.c4 Nb6
16.Nxc5 Qxc5 17.b3 Bc6 18.Qe3 Nd7 19.Bxc6 bxc6 20.Rd1 Qe5 21.Rb1 f6 22.Kg2 a6
23.Qf3 Nc5 24.Qxc6 Rac8 25.Rxd8+ Rxd8 26.Bf4 Qe2 27.Be3 Qxa2 28.Rd1  1-0

[Event "Witley"]
[Site "Witley"]
[Date "1996.??.??"]
[Round "11"]
[White "Polak, Tomas"]
[Black "Hunt, Harriet"]
[Result "1/2-1/2"]
[WhiteElo "2445"]
[BlackElo "2315"]

1.e4 c5 2.c3 Nf6 3.e5 Nd5 4.Nf3 e6 5.d4 cxd4 6.cxd4 b6 7.Nc3 Nxc3 8.bxc3 Qc7
9.Bd2 Be7 10.Bd3 Ba6 11.Bxa6 Nxa6 12.Qe2 Nb8 13.O-O O-O 14.c4 d6 15.Rac1 Nd7
16.exd6 Bxd6 17.Rfd1 Rac8 18.Be3 e5 19.c5 bxc5 20.dxc5 Nxc5 21.Ng5 Qe7 22.Rxd6 Qxd6
23.Rxc5 Rxc5 24.Ne4 Qd5 25.Nxc5  1/2-1/2

[Event "Oberliga Wuert9596"]
[Site "Wuerttemberg"]
[Date "1996.??.??"]
[Round "?"]
[White "Frolik, Erhard"]
[Black "Trettin, Ulrich"]
[Result "1/2-1/2"]
[WhiteElo "2265"]
[BlackElo "2270"]

1.e4 c5 2.c3 Nf6 3.e5 Nd5 4.Nf3 e6 5.d4 cxd4 6.cxd4 d6 7.a3 Nc6 8.Bd3 g6
9.O-O Bg7 10.Re1 O-O 11.b4 b6 12.Bb2 Bb7 13.b5 Nce7  1/2-1/2

[Event "Yalta op"]
[Site "Yalta"]
[Date "1996.??.??"]
[Round "4"]
[White "Berelovich, Aleksandar"]
[Black "Pirozhkov, Alexandr"]
[Result "1-0"]
[WhiteElo "2505"]
[BlackElo "2275"]

1.e4 c5 2.c3 Nf6 3.e5 Nd5 4.d4 cxd4 5.Nf3 Nc6 6.Bc4 e6 7.cxd4 d6 8.O-O dxe5
9.dxe5 Be7 10.Qe2 Nb6 11.Bb3 Nb4 12.Rd1 Bd7 13.Nc3 O-O 14.Qe4 Qc7 15.Ng5 g6
16.Qh4 h5 17.Qg3 Bc6 18.Nxe6  1-0

[Event "Yalta op"]
[Site "Yalta"]
[Date "1996.??.??"]
[Round "11"]
[White "Emeljanov, Artur"]
[Black "Arzumanian, Georgy"]
[Result "1/2-1/2"]
[WhiteElo "2280"]
[BlackElo "2330"]

1.e4 c5 2.c3 Nf6 3.e5 Nd5 4.d4 cxd4 5.Qxd4 e6 6.Nf3 Nc6 7.Qe4 d6 8.Nbd2 dxe5
9.Nxe5 Nxe5 10.Qxe5 Qd6 11.Qxd6 Bxd6  1/2-1/2

[Event "Yerevan op"]
[Site "Yerevan"]
[Date "1996.??.??"]
[Round "2"]
[White "Sveshnikov, Evgeny"]
[Black "Cherniaev, Alexander"]
[Result "1/2-1/2"]
[WhiteElo "2565"]
[BlackElo "2430"]

1.e4 c5 2.c3 Nf6 3.e5 Nd5 4.Nf3 Nc6 5.Bc4 Nb6 6.Bb3 c4 7.Bc2 Qc7 8.Qe2 g5
9.e6 dxe6 10.Nxg5 Qe5 11.Ne4 f5 12.Ng3 Bh6 13.Na3 Qxe2+ 14.Kxe2 O-O 15.b3 cxb3
16.Bxb3 Nd5 17.Re1 Nf4+ 18.Kf1 Nd3 19.Bxe6+ Kg7 20.Re2 f4 21.Nh5+ Kg6 22.g4 f3
23.Re4 Nxc1 24.Rxc1 Bxd2 25.Rd1 Bxc3 26.Rd5 Bxe6 27.Rxe6+ Kf7 28.Re3 Bb4
29.Rb5 Kg8 30.Nc2 Ba5 31.Rg5+ Kh8 32.Rf5 Rxf5 33.gxf5 Rf8 34.Rxf3 Bb6 35.Ne3 Ne5
36.Rf4 Bxe3 37.fxe3 Nd3 38.Rf3 Ne5 39.Rf4 Nd3 40.Rf3 Ne5  1/2-1/2

[Event "Yerevan ol (Men)"]
[Site "Yerevan"]
[Date "1996.??.??"]
[Round "3"]
[White "Atlas, Dimitry"]
[Black "Rogozenko, Dorin"]
[Result "0-1"]
[WhiteElo "2295"]
[BlackElo "2525"]

1.e4 c5 2.c3 Nf6 3.e5 Nd5 4.g3 d6 5.exd6 e6 6.Bg2 Bxd6 7.Nf3 Nc6 8.d4 cxd4
9.cxd4 O-O 10.O-O b6 11.Nc3 Nxc3 12.bxc3 Ba6 13.Re1 Rc8 14.Ng5 h6 15.Ne4 Be7
16.Qh5 Na5 17.g4 Bb7 18.Bxh6 gxh6 19.Qxh6 Re8 20.g5 Bxe4 21.Rxe4 Bf8 22.Qh5 Bg7
23.Rae1 Rxc3 24.g6 f5 25.Rxe6 Rxe6 26.Rxe6 Rc1+ 27.Bf1 Rc6 28.Qxf5 Qd7 29.d5 Rxe6
30.dxe6 Qe7 31.Qd5 Nb7 32.h4 Nc5 33.Bc4 Bf6 34.h5 Kg7 35.Qf5 b5 36.Bd5 a5
37.Kg2 b4 38.Kh3 a4 39.Kg4 b3 40.axb3 axb3 41.Qb1 b2 42.Qf5 Na4 43.Be4 Nc3
44.Bd3 Kh6 45.Qf4+ Bg5 46.Qb8 Qxe6+ 47.Kg3 Qf6 48.f4 Ne2+ 49.Kg4 Qxf4+ 50.Qxf4 Nxf4
51.Be4 Nd5 52.Kf3 Nc3 53.Bd3 Bf6 54.Kg4 Bg7 55.Kf3 b1=Q 56.Bxb1 Nxb1 57.Kg4 Nc3
58.Kf3 Kxh5 59.Ke3 Kxg6 60.Kf4 Bd4 61.Kg4 Nd5 62.Kf3 Kf5 63.Kg3 Ke4 64.Kg4 Be3
65.Kg3 Nf6 66.Kg2 Kf4 67.Kh3 Kf3 68.Kh2 Ne4 69.Kh1 Ng3+ 70.Kh2 Bd4 71.Kh3 Bg1
72.Kh4 Ne4 73.Kh5 Kf4 74.Kg6 Ng5 75.Kh5 Kf5 76.Kh4 Bf2+ 77.Kh5 Ne6 78.Kh6 Be1
79.Kh5 Nf4+ 80.Kh6 Kf6 81.Kh7 Kf7 82.Kh6 Bh4 83.Kh7 Bg5  0-1

[Event "Yerevan ol (Men)"]
[Site "Yerevan"]
[Date "1996.??.??"]
[Round "3"]
[White "Senador, Emmanuel"]
[Black "Dydyshko, Viacheslav"]
[Result "0-1"]
[WhiteElo "2365"]
[BlackElo "2545"]

1.e4 c5 2.c3 Nf6 3.e5 Nd5 4.d4 cxd4 5.Nf3 Nc6 6.Bc4 Nb6 7.Bb3 g6 8.cxd4 Bg7
9.O-O O-O 10.Nc3 d6 11.e6 fxe6 12.Re1 d5 13.Ne5 Bxe5 14.dxe5 Nd7 15.f4 Nc5
16.Bc2 b6 17.Qg4 Qe8 18.Re3 Nd4 19.Bb1 Nf5 20.Rh3 Bb7 21.Bxf5 exf5 22.Qh4 Rf7
23.Be3 Qc6 24.Bd4 e6 25.Rg3 Qe8 26.Qh6 Qf8 27.Qg5 Ba6 28.h4 Rg7 29.Re1 Rc8
30.Ree3 Rcc7 31.h5 Qe8 32.Qh6 gxh5 33.Rh3 Rg4 34.Rxh5 Rcg7 35.g3  0-1

[Event "Yerevan ol (Men)"]
[Site "Yerevan"]
[Date "1996.??.??"]
[Round "4"]
[White "Becerra Rivero, Julio"]
[Black "Wang Zili"]
[Result "1/2-1/2"]
[WhiteElo "2545"]
[BlackElo "2535"]

1.e4 c5 2.c3 Nf6 3.e5 Nd5 4.d4 cxd4 5.Nf3 Nc6 6.cxd4 d6 7.Bc4 Nb6 8.Bb5 dxe5
9.Nxe5 Bd7 10.Bxc6 Bxc6 11.Nxc6 bxc6 12.O-O g6 13.Re1 Bg7 14.Bg5 O-O 15.Bxe7 Qxd4
16.Qxd4 Bxd4 17.Nd2 Rfb8 18.Rac1 Nd5 19.b3 Re8 20.Bh4 Bc3 21.Red1 Re2 22.Nf1 Ba5
23.Rxc6 Nc3 24.Ra1 Rae8 25.h3 R2e4 26.Bg5 Ne2+ 27.Kh1 f5 28.Ne3 Rd4 29.Rc2 Bd2
30.Bf6 Rd6 31.Nc4 Rxf6 32.Rxd2 f4 33.Kh2 Rfe6 34.Re1 Nc3 35.Rxe6 Rxe6 36.a3 a6
37.h4 Kg7 38.g4 fxg3+ 39.fxg3 h5 40.Kg2 Re1 41.Rd7+ Kf6 42.Rd6+ Re6 43.Rxe6+ Kxe6
44.Kf3 Kd5 45.Ke3 Ne4 46.Kf4 Nc5 47.Nd2 Ne6+ 48.Ke3 g5 49.hxg5 Nxg5 50.b4 Ne6
51.Kd3 Nd4 52.Ne4 Ke5 53.a4 Nc6 54.b5 axb5 55.axb5 Nd4 56.Ke3 Kd5 57.Nf6+ Kc5
58.Nxh5 Nxb5 59.Ke4 Kc4 60.Kf5 Nd6+ 61.Kf6 Nb7 62.g4 Nc5 63.Ng3  1/2-1/2

[Event "Yerevan ol (Women)"]
[Site "Yerevan"]
[Date "1996.??.??"]
[Round "5"]
[White "Bandziene, Rasa"]
[Black "Ptacnikova, Lenka"]
[Result "1-0"]
[WhiteElo "2175"]
[BlackElo "2210"]

1.e4 c5 2.c3 Nf6 3.e5 Nd5 4.d4 cxd4 5.Nf3 Nc6 6.Bc4 Nb6 7.Bb3 d6 8.exd6 Qxd6
9.O-O Be6 10.Bxe6 Qxe6 11.Nxd4 Nxd4 12.Qxd4 Rd8 13.Qh4 Qe2 14.Be3 e6 15.Bxb6 axb6
16.Na3 Qa6 17.Qg3 Qa4 18.c4 Bxa3 19.Qxg7 Ke7 20.Qg5+ Ke8 21.bxa3 Qxc4 22.Rad1 Rd5
23.Qg7 Rf8 24.Rc1 Qd4 25.Rc8+ Rd8 26.Qxd4  1-0